000 00493nam a2200169Ia 4500
999 _c13735
_d13735
003 OSt
005 20201110112407.0
008 190216s9999||||xx |||||||||||||| ||und||
040 _coclc
082 _a821
_bVAR/S
100 _aVarshney, R L
_9633
245 0 _aSarojini Naidu Selected Poems /
_cR L Varshney
260 _bLakshmi Narain Agarwal Publishers,
_c1988.
_aAgra:
300 _a268p
650 _aEnglish Poetry
942 _cBK
_2ddc
_h821
_iVAR/S
_k821
_mVAR/S